MARC details
| 000 -LEADER |
| campo de control de longitud fija |
01733nam a2200433 i 4500 |
| 001 - NÚMERO DE CONTROL |
| campo de control |
193561 |
| 003 - IDENTIFICADOR DE NÚMERO DE CONTROL |
| campo de control |
ES-MaACL |
| 005 - FECHA Y HORA DE LA ÚLTIMA TRANSACCIÓN |
| campo de control |
20250825062648.0 |
| 007 - CAMPO FIJO DE DESCRIPCIÓN FÍSICA--INFORMACIÓN GENERAL |
| campo de control de longitud fija |
ta |
| 008 - DATOS DE LONGITUD FIJA--INFORMACIÓN GENERAL |
| campo de control de longitud fija |
060515s1865 xxka || 001 e|fre|c |
| 023 ## - NÚMERO ESTÁNDAR DE PELÍCULAS (VM) [BORRADO] |
| Número estándar de películas |
1111112957185 |
| 035 ## - NÚMERO DE CONTROL DEL SISTEMA |
| Número de control de sistema |
(ES-BaCBU).b12957185 |
| 035 ## - NÚMERO DE CONTROL DEL SISTEMA |
| Número de control de sistema |
(OCoLC)802616134 |
| 035 ## - NÚMERO DE CONTROL DEL SISTEMA |
| Número de control de sistema |
991012228089706706 |
| 040 ## - FUENTE DE CATALOGACIÓN |
| Centro catalogador/agencia de origen |
ES-BaCBU |
| Lengua de catalogación |
cat |
| Centro/agencia transcriptor |
ES-BaCBU |
| Centro/agencia modificador |
ES-BaUB |
| -- |
Es-MaACL |
| 100 1# - ENTRADA PRINCIPAL--NOMBRE DE PERSONA |
| Nombre de persona |
Jones, Owen, |
| Fechas asociadas al nombre |
1809-1874 |
| 9 (RLIN) |
128345 |
| Término indicativo de función/relación |
Autor |
| 245 10 - MENCIÓN DEL TÍTULO |
| Título |
Grammaire de l'ornement : |
| Resto del título |
illustrée d'exemples pris de divers styles d'ornement / |
| Mención de responsabilidad, etc. |
par Owen Jones. |
| 260 ## - PUBLICACIÓN, DISTRIBUCIÓN, ETC. |
| Lugar de publicación, distribución, etc. |
Londres : |
| Nombre del editor, distribuidor, etc. |
Bernard Quaritch ; |
| Lugar de publicación, distribución, etc. |
Paris : |
| Nombre del editor, distribuidor, etc. |
Chez tous les Libraires, |
| Fecha de publicación, distribución, etc. |
1865 |
| 300 ## - DESCRIPCIÓN FÍSICA |
| Extensión |
161 páginas, [112] hojas de láminas (color) : |
| Otras características físicas |
ilustraciones (color) ; |
| Dimensiones |
Fol. (34 cm) |
| 336 ## - TIPO DE CONTENIDO |
| Fuente |
rdacontent |
| Término de tipo de contenido |
Texto |
| 337 ## - TIPO DE MEDIO |
| Fuente |
rdamedia |
| Nombre/término del tipo de medio |
sin mediación |
| 338 ## - TIPO DE SOPORTE |
| Fuente |
rdacarrier |
| Nombre/término del tipo de soporte |
volumen |
| 510 #4 - NOTA DE CITAS O REFERENCIAS BIBLIOGRÁFICAS |
| Nombre de la fuente |
CCPB, |
| Localización dentro de la fuente |
000314809-2 |
| 530 ## - NOTA DISPONIBLE DE FORMULARIO FÍSICO ADICIONAL |
| Nota de formato físico adicional disponible |
Disponible en formato digital |
| 546 ## - NOTA DE IDIOMA |
| Nota de lengua/lenguaje |
Cada lámina encabezada en alemán, inglés y francés |
| 597 ## - NOTA A LA DESCRIPCION FISICA |
| Nota |
Algunas hojas de láminas repiten numeración. |
| 599 ## - NOTA A LAS ILUSTRACIONES |
| Nota |
Las hojas de láminas son litografías. |
| 599 ## - NOTA A LAS ILUSTRACIONES |
| Nota |
Portada con frontispicio litográfico. |
| 599 ## - NOTA A LAS ILUSTRACIONES |
| Nota |
Ilustraciones intercaladas en el texto.<br/><br/><br/> |
| 650 #7 - PUNTO DE ACCESO ADICIONAL DE MATERIA--TÉRMINO DE MATERIA |
| Término de materia o nombre geográfico como elemento de entrada |
Decoración y ornamentación |
| 9 (RLIN) |
146968 |
| 650 #7 - PUNTO DE ACCESO ADICIONAL DE MATERIA--TÉRMINO DE MATERIA |
| Término de materia o nombre geográfico como elemento de entrada |
Artes decorativas |
| Fuente del encabezamiento o término |
embne |
| 9 (RLIN) |
135625 |
| 655 #7 - TERMINO DE INDIZACIÓN--GENERO/FORMA |
| Datos o término principal de género/forma |
Libros ilustrados |
| Fuente del término |
tgfbne |
| 9 (RLIN) |
193653 |
| 752 ## - ENTRADA AGREGADA--NOMBRE JERÁRQUICO DEL LUGAR |
| País o entidad superior |
Gran Bretaña |
| Ciudad |
Londres |
| 852 ## - LOCALIZACIÓN |
| Ubicación |
ES-MaACL |
| Sublocalización o colección |
R.M.4 |
| Ubicación en estantería |
Sala Valle Inclán |
| Signatura antigua |
Olim: 180C.3 |
| Número de control de estantería |
D-4 |
| itemnumber |
162165 |
| 856 4# - LOCALIZACIÓN Y ACCESO ELECTRÓNICOS |
| Identificador Uniforme de Recursos |
<a href="https://archive.org/details/bub_gb_mKxxFQAT36AC/mode/2up">https://archive.org/details/bub_gb_mKxxFQAT36AC/mode/2up</a> |
| Texto de enlace |
Versión en línea |
| Nota pública |
(Internet Archive) |
| 942 ## - ELEMENTOS DE ENTRADA SECUNDARIOS (KOHA) |
| Suprimir en OPAC |
No |
| Tipo de ítem Koha |
Libro impreso |